[Event "Dublin zt"]
[Site "Dublin"]
[Date "1993.??.??"]
[Round "11"]
[White "Wall, Gavin"]
[Black "Waters, Michael"]
[Result "1-0"]
[WhiteElo "2300"]
[BlackElo "2100"]
[EventDate "1993.04.??"]
[PlyCount "105"]

1.d4 Nf6 2.Nf3 g6 3.Bf4 Bg7 4.h3 d5 5.e3 Nbd7 6.Bd3 c5 7.c3 O-O 8.O-O b6 
9.a4 Bb7 10.Nbd2 Re8 11.Ne5 Nxe5 12.Bxe5 Nd7 13.Bxg7 Kxg7 14.f4 e6 15.Nf3 
a5 16.Bb5 f6 17.Rf2 Ba6 18.Bxd7 Qxd7 19.g4 h6 20.g5 hxg5 21.fxg5 Rf8 22.
Qc2 Qe7 23.gxf6+ Qxf6 24.Rg2 Qf5 25.Qxf5 exf5 26.Ne5 Rf6 27.Kf2 Kh6 28.
Rag1 Rg8 29.h4 Bc4 30.Kf3 Bb3 31.Ra1 g5 32.hxg5+ Rxg5 33.Rh2+ Rh5 34.Rxh5+
Kxh5 35.Kf4 Kh6 36.dxc5 bxc5 37.Nd7 Rc6 38.Kxf5 d4 39.Ne5 Rd6 40.c4 Bc2+ 
41.e4 Kg7 42.Rg1+ Kf8 43.Rg6 Rxg6 44.Nxg6+ Kf7 45.Ne5+ Ke7 46.Nf3 Bxa4 47.
Ke5 Bc6 48.Ne1 Bb7 49.Nd3 Ba6 50.Kd5 Bb7+ 51.Kxc5 Bxe4 52.Kxd4 Bf5 53.Nc5 
1-0

[Event "San Nicolas zt playoff"]
[Site "San Nicolas"]
[Date "1993.05.??"]
[Round "5"]
[White "Campora, Daniel Hugo"]
[Black "Lima, Darcy"]
[Result "1/2-1/2"]
[WhiteElo "2550"]
[BlackElo "2445"]
[EventDate "1993.05.??"]
[PlyCount "44"]

1.e4 c5 2.Nf3 d6 3.d4 cxd4 4.Qxd4 Nc6 5.Bb5 e6 6.Qd3 h6 7.c4 Nf6 8.Nc3 Be7
9.O-O O-O 10.h3 Bd7 11.a3 a6 12.Ba4 Rc8 13.Be3 Na5 14.Bxd7 Nxd7 15.Nd2 Bg5
16.Qxd6 Bxe3 17.fxe3 Nb6 18.Qxd8 Rcxd8 19.c5 Rxd2 20.cxb6 Rxb2 21.Nd5 Nc4 
22.Rac1 Nxb6 1/2-1/2

[Event "San Nicolas zt playoff"]
[Site "San Nicolas"]
[Date "1993.05.??"]
[Round "6"]
[White "Milos, Gilberto"]
[Black "Campora, Daniel Hugo"]
[Result "1-0"]
[WhiteElo "2560"]
[BlackElo "2550"]
[EventDate "1993.05.??"]
[PlyCount "77"]

1.e4 d5 2.exd5 Qxd5 3.Nc3 Qa5 4.Bc4 Nf6 5.d3 c6 6.Bd2 Qc7 7.Nf3 Bg4 8.h3 
Bxf3 9.Qxf3 Nbd7 10.a3 Ne5 11.Qg3 Nh5 12.Qh2 O-O-O 13.Ba2 e6 14.f4 Nd7 15.
g4 Nhf6 16.O-O-O Nb6 17.Qf2 Nfd5 18.Ne4 Kb8 19.f5 exf5 20.Qxf5 f6 21.Qf2 
Ka8 22.c4 Nc8 23.d4 Ndb6 24.Rhe1 h6 25.Ba5 Qf7 26.Nc3 Rd7 27.c5 Nd5 28.
Nxd5 cxd5 29.Qf5 h5 30.g5 fxg5 31.Qxf7 Rxf7 32.Bxd5 Re7 33.Be6 b6 34.Bd2 
Rc7 35.Bxg5 Be7 36.Bxe7 Nxe7 37.b4 bxc5 38.dxc5 Rb8 39.Rd6 1-0

[Event "Kladovo zt"]
[Site "Kladovo"]
[Date "1993.??.??"]
[Round "2"]
[White "Tosic, Miroslav"]
[Black "Markovic, Miroslav"]
[Result "1/2-1/2"]
[WhiteElo "2440"]
[BlackElo "2505"]
[EventDate "1993.06.??"]
[PlyCount "106"]

1.d4 Nf6 2.c4 g6 3.Nc3 Bg7 4.e4 O-O 5.Bg5 d6 6.Qd2 Na6 7.Nf3 c5 8.Be2 Bg4 
9.d5 Nc7 10.O-O a6 11.Rfe1 Nd7 12.a4 Rb8 13.e5 f6 14.exd6 exd6 15.Bf4 Bxf3
16.Bxf3 Ne5 17.Be2 f5 18.a5 Nf7 19.Be3 Qf6 20.Na4 Rbe8 21.Rab1 g5 22.f3 g4
23.f4 Qh6 24.Bf2 Re4 25.Bd3 Rxf4 26.Be3 Bd4 27.Nb6 Ne5 28.Bxd4 cxd4 29.
Rbd1 g3 30.h3 Qh4 31.Rf1 Rxf1+ 32.Rxf1 f4 33.Be4 d3 34.c5 Ne8 35.c6 bxc6 
36.dxc6 f3 37.gxf3 Kh8 38.Nd7 Nxd7 39.cxd7 Nf6 40.Kg2 Nxe4 41.fxe4 Rxf1 
42.Kxf1 Qxh3+ 43.Kg1 Qxd7 44.Kg2 Qa7 45.Qc3+ Kg8 46.Qc8+ Kf7 47.Qf5+ Ke8 
48.Qe6+ Qe7 49.Qc8+ Qd8 50.Qxa6 d2 51.Qb5+ Kf8 52.Qd5 Qh4 53.Qxd6+ Kf7 
1/2-1/2

[Event "Kladovo zt"]
[Site "Kladovo"]
[Date "1993.??.??"]
[Round "3"]
[White "Markovic, Miroslav"]
[Black "Abramovic, Bosko"]
[Result "0-1"]
[WhiteElo "2505"]
[BlackElo "2475"]
[EventDate "1993.06.??"]
[PlyCount "62"]

1.e4 e5 2.Nf3 Nc6 3.Nc3 Nf6 4.Bb5 Nd4 5.Ba4 c6 6.O-O b5 7.Bb3 Nxb3 8.axb3 
d6 9.d3 Be7 10.Ne2 O-O 11.Ng3 a5 12.h3 c5 13.Bd2 Bd7 14.Qe1 a4 15.bxa4 
bxa4 16.c4 Ne8 17.Nh2 Nc7 18.f4 exf4 19.Bxf4 Ne6 20.Nf5 Nxf4 21.Rxf4 Bf6 
22.Ra2 Be5 23.Rf1 Bxf5 24.exf5 Qb6 25.f6 Qb3 26.fxg7 Bxg7 27.Ra1 Qxb2 28.
Qg3 a3 29.Ng4 f5 30.Nh6+ Kh8 31.Qxd6 Qd4+ 0-1

[Event "Kladovo zt"]
[Site "Kladovo"]
[Date "1993.??.??"]
[Round "4"]
[White "Abramovic, Bosko"]
[Black "Ilincic, Zlatko"]
[Result "1-0"]
[WhiteElo "2475"]
[BlackElo "2470"]
[EventDate "1993.06.??"]
[PlyCount "105"]

1.d4 Nf6 2.Nf3 g6 3.g3 Bg7 4.Bg2 O-O 5.O-O d6 6.c4 Nbd7 7.Nc3 e5 8.e4 c6 
9.b3 exd4 10.Nxd4 Re8 11.h3 Nc5 12.Re1 a5 13.Bf4 Nh5 14.Be3 Qc7 15.Qd2 Bd7
16.Rad1 Rad8 17.Bg5 f6 18.Be3 Bf8 19.g4 Ng7 20.f4 Bc8 21.f5 Nd7 22.Qf2 Re7
23.Ndb5 cxb5 24.Nxb5 Qc6 25.Rxd6 Ne8 26.Rxc6 bxc6 27.Nd4 Ne5 28.Qe2 g5 29.
Nf3 Nd3 30.Rd1 Red7 31.Qf1 Nf4 32.Rxd7 Rxd7 33.Bxf4 gxf4 34.e5 Bc5+ 35.Kh1
Be3 36.e6 Rd6 37.Qe1 h5 38.g5 Ng7 39.c5 Rd5 40.gxf6 Nxf5 41.e7 Bd7 42.Qxa5
Rd1+ 43.Kh2 Bf2 44.Qd8+ Kh7 45.Ng5+ Kh6 46.Nf7+ Kg6 47.Ne5+ Kh7 48.Be4 
Bg3+ 49.Kg2 Re1 50.Bxf5+ Bxf5 51.Qg8+ Kxg8 52.e8=Q+ Kh7 53.Qf7+ 1-0

[Event "Kladovo zt"]
[Site "Kladovo"]
[Date "1993.??.??"]
[Round "5"]
[White "Ilincic, Zlatko"]
[Black "Kosic, Dragan"]
[Result "1/2-1/2"]
[WhiteElo "2470"]
[BlackElo "2455"]
[EventDate "1993.06.??"]
[PlyCount "23"]

1.Nf3 Nf6 2.g3 d5 3.Bg2 c6 4.O-O Bg4 5.d3 Bxf3 6.Bxf3 Nbd7 7.b3 g6 8.Bb2 
Bg7 9.Nd2 O-O 10.e3 Ne8 11.Bxg7 Kxg7 12.Bg2 1/2-1/2

[Event "Kladovo zt"]
[Site "Kladovo"]
[Date "1993.??.??"]
[Round "5"]
[White "Tosic, Miroslav"]
[Black "Abramovic, Bosko"]
[Result "1/2-1/2"]
[WhiteElo "2440"]
[BlackElo "2475"]
[EventDate "1993.06.??"]
[PlyCount "121"]

1.d4 Nf6 2.c4 e6 3.g3 d5 4.Nf3 dxc4 5.Qa4+ Nbd7 6.Bg2 a6 7.Qxc4 b5 8.Qc6 
Rb8 9.Bf4 Nd5 10.Bg5 Be7 11.Qc1 Bb7 12.O-O c5 13.Bxe7 Qxe7 14.a4 b4 15.
Nbd2 O-O 16.Nb3 Rfc8 17.dxc5 Nxc5 18.Nxc5 Rxc5 19.Qd2 Rbc8 20.Nd4 h6 21.e4
Nf6 22.Qxb4 Qd7 23.Rfd1 Rc4 24.Qb6 Rd8 25.Bf3 Qc7 26.Qxc7 Rxc7 27.e5 Bxf3 
28.Nxf3 Nd5 29.Rd2 Rb8 30.Nd4 Rb4 31.a5 g5 32.h3 Kh7 33.Ra3 Rcc4 34.Rad3 
Ra4 35.Nb3 Re4 36.Rd4 Re1+ 37.Kg2 Ra2 38.Rc4 Rxe5 39.Rc6 Nf6 40.Rxa6 Rb5 
41.Nc1 Raxa5 42.Rxa5 Rxa5 43.b4 Rb5 44.Rd4 Nd5 45.Nd3 Kg6 46.Kf3 Kf6 47.
Rc4 Ke7 48.Ke2 Rb8 49.Kd2 Kd6 50.Kc2 f5 51.Kb3 e5 52.Nc1 e4 53.Na2 Ke5 54.
Nc3 Rxb4+ 55.Rxb4 Nxb4 56.Kxb4 Kd4 57.Nb5+ Kd3 58.Kc5 Ke2 59.Kd4 Kxf2 60.
g4 fxg4 61.hxg4 1/2-1/2

[Event "Kladovo zt"]
[Site "Kladovo"]
[Date "1993.??.??"]
[Round "6"]
[White "Ilincic, Zlatko"]
[Black "Markovic, Miroslav"]
[Result "1-0"]
[WhiteElo "2470"]
[BlackElo "2505"]
[EventDate "1993.06.??"]
[PlyCount "81"]

1.d4 Nf6 2.c4 g6 3.g3 Bg7 4.Bg2 O-O 5.Nc3 d6 6.Nf3 Bg4 7.Qb3 Qc8 8.Ne5 Nc6
9.Nxg4 Nxg4 10.e3 e5 11.d5 Na5 12.Qa4 b6 13.f3 Nh6 14.e4 f5 15.Bh3 Nb7 16.
Qc2 Qe8 17.Bd2 a6 18.a3 Kh8 19.b4 Qe7 20.O-O f4 21.Na4 Nf7 22.c5 Ng5 23.
Bg2 dxc5 24.bxc5 b5 25.c6 Nd6 26.Nc5 Nc4 27.Nd7 fxg3 28.hxg3 Rfe8 29.Bb4 
Qd8 30.Rae1 Nf7 31.Bc5 Qg5 32.Qf2 Nfd6 33.Re2 Qh6 34.f4 exf4 35.gxf4 a5 
36.Rb1 b4 37.a4 Na3 38.Rb3 Qh5 39.Bxd6 cxd6 40.Rh3 Qg4 41.Rh4 1-0

[Event "Kladovo zt"]
[Site "Kladovo"]
[Date "1993.??.??"]
[Round "6"]
[White "Tosic, Miroslav"]
[Black "Kosic, Dragan"]
[Result "1/2-1/2"]
[WhiteElo "2440"]
[BlackElo "2455"]
[EventDate "1993.06.??"]
[PlyCount "34"]

1.d4 d5 2.c4 c6 3.Nf3 Nf6 4.Nc3 e6 5.Bg5 h6 6.Bxf6 Qxf6 7.e3 Nd7 8.Rc1 g6 
9.Be2 Bg7 10.O-O O-O 11.cxd5 exd5 12.b4 Nb6 13.Qb3 Qd6 14.a3 Bg4 15.h3 
Bxf3 16.Bxf3 Rfe8 17.Be2 Rad8 1/2-1/2

[Event "Kladovo zt"]
[Site "Kladovo"]
[Date "1993.??.??"]
[Round "7"]
[White "Markovic, Miroslav"]
[Black "Tosic, Miroslav"]
[Result "1-0"]
[WhiteElo "2505"]
[BlackElo "2440"]
[EventDate "1993.06.??"]
[PlyCount "122"]

1.e4 c5 2.c3 e6 3.Nf3 a6 4.d4 b5 5.Bd3 Bb7 6.O-O Nf6 7.Re1 Be7 8.Bg5 c4 9.
Bc2 d5 10.e5 Nfd7 11.Bxe7 Qxe7 12.Nbd2 Nc6 13.Nf1 a5 14.Ng3 b4 15.Qd2 a4 
16.cxb4 Nxb4 17.Nh5 O-O 18.Re3 Nxc2 19.Qxc2 g6 20.Nf4 a3 21.h4 Rfb8 22.Ng5
Bc6 23.b3 Bb5 24.Rg3 cxb3 25.axb3 Rc8 26.Qd2 Ra6 27.h5 Nf8 28.hxg6 fxg6 
29.Nf3 Kh8 30.Ne1 Be8 31.Nh3 Ra7 32.Rf3 Kg7 33.Nd3 Nd7 34.b4 Rc4 35.Nc5 
Nxc5 36.bxc5 a2 37.Kh2 h6 38.Rf6 Raa4 39.Nf4 Bf7 40.Ne2 Qa7 41.Rf3 g5 42.
Rb3 Qc7 43.Rxa2 Rxd4 44.Nxd4 Qxe5+ 45.g3 Rxd4 46.Qc3 Rh4+ 47.Kg2 d4 48.Qc4
Rh5 49.Rf3 Qe4 50.Qd3 Qg4 51.Kf1 Bg8 52.Ra7+ Kh8 53.Ra8 Rh1+ 54.Ke2 e5 55.
Kd2 e4 56.Qxd4+ Kh7 57.Ra7+ Kg6 58.Rf6+ Kh5 59.Rxh6+ Kxh6 60.Qh8+ Kg6 61.
Qxg8+ Kf6 1-0

[Event "Kladovo zt"]
[Site "Kladovo"]
[Date "1993.??.??"]
[Round "8"]
[White "Abramovic, Bosko"]
[Black "Markovic, Miroslav"]
[Result "1-0"]
[WhiteElo "2475"]
[BlackElo "2505"]
[EventDate "1993.06.??"]
[PlyCount "79"]

1.d4 Nf6 2.Nf3 g6 3.g3 Bg7 4.Bg2 O-O 5.O-O d6 6.c4 Bg4 7.h3 Bxf3 8.Bxf3 
Nc6 9.Nc3 Nd7 10.Be3 e5 11.Bxc6 bxc6 12.Qd2 Re8 13.Rac1 Nf6 14.Rfd1 Qe7 
15.b3 Qe6 16.dxe5 Qxe5 17.Bd4 Qf5 18.Qf4 Qe6 19.Kg2 Nd7 20.Bxg7 Kxg7 21.e3
a5 22.Ne2 Qe4+ 23.Qxe4 Rxe4 24.Nd4 Ra6 25.Rc3 Re8 26.g4 Rb8 27.f3 a4 28.
Kg3 Nc5 29.h4 axb3 30.axb3 Ra3 31.e4 Rb6 32.Re3 Ra2 33.e5 dxe5 34.Rxe5 
Nxb3 35.c5 Rb4 36.Nxc6 Rc4 37.Re7 Nxc5 38.Nd8 Rc3 39.Rxf7+ Kg8 40.Re1 1-0

[Event "Kladovo zt"]
[Site "Kladovo"]
[Date "1993.??.??"]
[Round "9"]
[White "Ilincic, Zlatko"]
[Black "Abramovic, Bosko"]
[Result "1/2-1/2"]
[WhiteElo "2470"]
[BlackElo "2475"]
[EventDate "1993.06.??"]
[PlyCount "37"]

1.d4 d5 2.c4 e6 3.Nc3 Be7 4.cxd5 exd5 5.Bf4 c6 6.Qc2 g6 7.f3 Bd6 8.Bxd6 
Qxd6 9.O-O-O Ne7 10.e4 Be6 11.h4 Nd7 12.Nge2 O-O-O 13.Nb5 Qb8 14.e5 Nf5 
15.Rd3 a6 16.Nbc3 h5 17.Nf4 Nb6 18.Nce2 Qc7 19.g4 1/2-1/2

[Event "Kladovo zt"]
[Site "Kladovo"]
[Date "1993.??.??"]
[Round "9"]
[White "Markovic, Miroslav"]
[Black "Kosic, Dragan"]
[Result "1/2-1/2"]
[WhiteElo "2505"]
[BlackElo "2455"]
[EventDate "1993.06.??"]
[PlyCount "120"]

1.e4 c5 2.c3 d5 3.exd5 Qxd5 4.d4 g6 5.dxc5 Qxc5 6.Na3 Bh6 7.Nf3 Bxc1 8.
Rxc1 Nf6 9.b4 Qb6 10.Bc4 O-O 11.Qb3 Nc6 12.O-O Bg4 13.Ng5 Ne5 14.Rfe1 Qc7 
15.Bf1 Rad8 16.Nb5 Qb8 17.Nd4 h6 18.Ne4 Nd5 19.h3 Bc8 20.g3 Bf5 21.Rcd1 
Qc7 22.Nc5 Bc8 23.Bg2 Nf6 24.Nxb7 Bxb7 25.Bxb7 Qxb7 26.Rxe5 Rd7 27.b5 a6 
28.a4 axb5 29.axb5 Ne4 30.h4 Rfd8 31.Qc2 Nxg3 32.fxg3 Qc7 33.Re3 Rxd4 34.
Rxd4 Rxd4 35.Rf3 Rd5 36.Qe2 Qd7 37.c4 Rd1+ 38.Rf1 Qd4+ 39.Qf2 Rxf1+ 40.
Kxf1 Qxc4+ 41.Qe2 Qc5 42.Qd3 e5 43.Qb3 Qb6 44.Qd5 Qe3 45.b6 Qxb6 46.Qxe5 
Qe6 47.Qb8+ Kg7 48.Kg2 Qe2+ 49.Kg1 g5 50.hxg5 hxg5 51.Qd6 Qe1+ 52.Kg2 Qe4+
53.Kh2 Qe6 54.Qd3 f5 55.Kh3 Qe4 56.Qd7+ Kg6 57.Qd6+ Kh5 58.Qd1+ Kg6 59.
Qd6+ Kf7 60.Qd7+ Kg6 1/2-1/2

[Event "Kladovo zt"]
[Site "Kladovo"]
[Date "1993.??.??"]
[Round "10"]
[White "Abramovic, Bosko"]
[Black "Tosic, Miroslav"]
[Result "1/2-1/2"]
[WhiteElo "2475"]
[BlackElo "2440"]
[EventDate "1993.06.??"]
[PlyCount "22"]

1.d4 d5 2.c4 c6 3.Nf3 Nf6 4.cxd5 cxd5 5.Bf4 Bf5 6.e3 e6 7.Nc3 Nc6 8.Bd3 
Bxd3 9.Qxd3 Bd6 10.Bxd6 Qxd6 11.O-O O-O 1/2-1/2

[Event "Budapest Statisztika 10"]
[Site "Budapest"]
[Date "1993.??.??"]
[Round "1"]
[White "Koerholz, Ludger"]
[Black "Anka, Emil"]
[Result "1-0"]
[WhiteElo "2295"]
[BlackElo "2395"]
[EventDate "1993.10.??"]
[PlyCount "55"]

1.d4 Nf6 2.c4 e6 3.Nc3 Bb4 4.Qc2 O-O 5.Nf3 b6 6.e4 Bxc3+ 7.bxc3 d6 8.Bd3 
Nfd7 9.e5 f5 10.exf6 Nxf6 11.O-O Nc6 12.Re1 h6 13.Ba3 Bd7 14.d5 exd5 15.
cxd5 Na5 16.c4 Nb7 17.Nd4 Re8 18.Bg6 Rxe1+ 19.Rxe1 Qf8 20.h3 Nc5 21.Re3 
Kh8 22.Bb2 Kg8 23.Ne6 Ba4 24.Qf5 Nxe6 25.dxe6 Qe7 26.Bf7+ Kf8 27.Qg6 Be8 
28.Bxf6 1-0

[Event "Budapest Statisztika 10"]
[Site "Budapest"]
[Date "1993.??.??"]
[Round "1"]
[White "Lorincz, Istvan"]
[Black "Palkovi, Jozsef"]
[Result "0-1"]
[WhiteElo "2355"]
[BlackElo "2405"]
[EventDate "1993.10.??"]
[PlyCount "72"]

1.d4 Nf6 2.Nf3 e6 3.c4 c5 4.e3 d5 5.Nc3 a6 6.a3 dxc4 7.Bxc4 b5 8.Bd3 Bb7 
9.O-O Nbd7 10.Re1 Qc7 11.Bd2 Rd8 12.b4 cxd4 13.exd4 Bd6 14.Rc1 Qb8 15.Bg5 
Bf4 16.d5 Nxd5 17.Bxd8 Bxc1 18.Nxd5 Bxd5 19.Bh4 Bf4 20.Be4 Bxe4 21.Rxe4 
Qc7 22.g3 Bd6 23.Rd4 Be7 24.Ng5 Ne5 25.Nf3 Bxh4 26.Nxh4 O-O 27.f4 Nc4 28.
Qd3 Qb6 29.Nf3 Rd8 30.Kf1 Rxd4 31.Nxd4 Qd6 32.a4 Qd5 33.Kf2 bxa4 34.Qc3 a3
35.Nc2 a2 36.Ke2 Qe4+ 0-1

[Event "Budapest Statisztika 10"]
[Site "Budapest"]
[Date "1993.??.??"]
[Round "1"]
[White "Medvegy, Zoltan"]
[Black "Hansen, Lars Henrik Bech"]
[Result "1/2-1/2"]
[WhiteElo "2285"]
[BlackElo "2210"]
[EventDate "1993.10.??"]
[PlyCount "69"]

1.e4 d6 2.d4 Nf6 3.Nc3 g6 4.f4 Bg7 5.Nf3 c5 6.d5 O-O 7.Bc4 b5 8.Bxb5 Nxe4 
9.Nxe4 Qa5+ 10.Nc3 Bxc3+ 11.bxc3 Qxb5 12.Kf2 Qc4 13.Re1 Qxc3 14.Rb1 Bf5 
15.Rb7 Re8 16.Rbxe7 Rxe7 17.Rxe7 Na6 18.Ng5 Nb4 19.Nxf7 Kf8 20.Rc7 Bxc2 
21.Qd2 Nd3+ 22.Kg3 Nxc1+ 23.Qxc3 Ne2+ 24.Kh4 Nxc3 25.Nxd6 Nxd5 26.Rxc5 Ne3
27.Kg5 Rd8 28.Rc6 h6+ 29.Kf6 Bd3 30.h3 Nxg2 31.Nf7 Re8 32.Nd6 Rd8 33.Nf7 
Re8 34.Nd6 Rd8 35.Nf7 1/2-1/2

[Event "Budapest Statisztika 10"]
[Site "Budapest"]
[Date "1993.??.??"]
[Round "1"]
[White "Szabolcsi, Janos"]
[Black "Schneider, Attila"]
[Result "1/2-1/2"]
[WhiteElo "2385"]
[BlackElo "2390"]
[EventDate "1993.10.??"]
[PlyCount "115"]

1.d4 Nf6 2.c4 g6 3.Nc3 Bg7 4.e4 d6 5.f4 O-O 6.Nf3 c5 7.d5 e6 8.Be2 exd5 9.
cxd5 Nbd7 10.e5 dxe5 11.fxe5 Ng4 12.e6 Nde5 13.Nxe5 Nxe5 14.exf7+ Rxf7 15.
Be3 Qh4+ 16.g3 Qe7 17.Kd2 Bg4 18.Qa4 b5 19.Qxb5 Bxe2 20.Qxe2 Nf3+ 21.Kc2 
Re8 22.Rae1 Bxc3 23.bxc3 Qe4+ 24.Qd3 Qa4+ 25.Kb1 Nxe1 26.Rxe1 Rb7+ 27.Ka1 
Qb5 28.Qxb5 Rxb5 29.d6 Rb7 30.Rd1 c4 31.Bg5 Rd7 32.Rd4 Rc8 33.Be7 Kf7 34.
Rh4 h5 35.Rf4+ Kg7 36.Kb2 Rc5 37.h4 Rb7+ 38.Kc2 Rc6 39.Rd4 Rd7 40.Kd2 Kf7 
41.Rf4+ Ke6 42.Rf6+ Ke5 43.Rxg6 Ke4 44.Rf6 Ra6 45.Rf4+ Kd5 46.Ke3 Rxa2 47.
Rf5+ Kc6 48.Rxh5 a5 49.Kd4 Ra7 50.Rc5+ Kd7 51.h5 a4 52.h6 Rh2 53.Bh4 Kxd6 
54.Rh5 Rd2+ 55.Ke4 a3 56.h7 Re2+ 57.Kd4 Re8 58.Rh6+ 1/2-1/2

[Event "Budapest Statisztika 10"]
[Site "Budapest"]
[Date "1993.??.??"]
[Round "1"]
[White "Wohlfahrt, Herbert J"]
[Black "Niklasch, Oliver"]
[Result "1-0"]
[WhiteElo "2230"]
[BlackElo "2245"]
[EventDate "1993.10.??"]
[PlyCount "58"]

1.Nf3 d5 2.d4 Nf6 3.c4 dxc4 4.e3 e6 5.Bxc4 a6 6.a4 c5 7.O-O Nc6 8.Nc3 Be7 
9.Ne5 cxd4 10.Nxc6 bxc6 11.Qxd4 Qxd4 12.exd4 Rb8 13.Rb1 O-O 14.Be3 Rb4 15.
b3 a5 16.Rfc1 Bd7 17.h3 Nd5 18.Bd2 Rbb8 19.Ne4 Nb4 20.Nc5 Bxc5 21.dxc5 e5 
22.Bxb4 Rxb4 23.Rd1 Bf5 24.Rb2 h5 25.Rd6 Rc8 26.Rbd2 Kf8 27.Rd8+ Rxd8 28.
Rxd8+ Ke7 29.Ra8 Be6 1-0

[Event "Budapest Statisztika 10"]
[Site "Budapest"]
[Date "1993.??.??"]
[Round "2"]
[White "Anka, Emil"]
[Black "Schneider, Attila"]
[Result "1-0"]
[WhiteElo "2395"]
[BlackElo "2390"]
[EventDate "1993.10.??"]
[PlyCount "85"]

1.e4 c5 2.Nf3 d6 3.d4 cxd4 4.Nxd4 Nf6 5.Nc3 g6 6.Be3 Bg7 7.f3 O-O 8.Qd2 
Nc6 9.Bc4 Bd7 10.O-O-O Ne5 11.Bb3 Rc8 12.Bg5 Nc4 13.Bxc4 Rxc4 14.e5 dxe5 
15.Nb3 Rc7 16.Nb5 Bf5 17.Nxc7 Qxc7 18.Kb1 Rc8 19.Ka1 h5 20.Rhe1 Qxc2 21.
Rc1 Qxd2 22.Rxc8+ Bxc8 23.Bxd2 e4 24.fxe4 Bd7 25.Bg5 e5 26.Na5 b6 27.Nc4 
Nh7 28.Be7 Be6 29.Nd6 Bf8 30.Bxf8 Kxf8 31.Rc1 Ke7 32.Nc8+ Bxc8 33.Rxc8 Nf6
34.Rc7+ Ke6 35.Rxa7 Nxe4 36.Ra6 f5 37.Rxb6+ Nd6 38.a4 e4 39.Kb1 f4 40.Kc2 
Kd5 41.a5 Nc4 42.Rb8 Ne3+ 43.Kd2 1-0

[Event "Budapest Statisztika 10"]
[Site "Budapest"]
[Date "1993.??.??"]
[Round "2"]
[White "Hansen, Lars Henrik Bech"]
[Black "Kraschl, Joerg"]
[Result "1-0"]
[WhiteElo "2210"]
[BlackElo "2225"]
[EventDate "1993.10.??"]
[PlyCount "75"]

1.e4 c5 2.Nf3 e6 3.d4 cxd4 4.Nxd4 Nf6 5.Nc3 d6 6.g4 h6 7.g5 hxg5 8.Bxg5 
Nc6 9.Qd2 Qb6 10.O-O-O Nxd4 11.Qxd4 Qxd4 12.Rxd4 a6 13.Be2 Bd7 14.h4 Bc6 
15.f3 Rc8 16.a3 Nd7 17.Rdd1 b5 18.Bf4 Ne5 19.h5 f6 20.Na2 a5 21.Bd2 Ra8 
22.b4 d5 23.exd5 Bxd5 24.Nc3 Bc4 25.Bxc4 bxc4 26.Nb5 Rb8 27.Nc7+ Kf7 28.f4
Nc6 29.Bc3 axb4 30.axb4 Bxb4 31.Bxb4 Rxb4 32.Rd6 Ne7 33.Nxe6 Nf5 34.Ra6 c3
35.Rd1 Rxh5 36.Rd7+ Kg6 37.Nf8+ Kh6 38.Rxf6+ 1-0

[Event "Budapest Statisztika 10"]
[Site "Budapest"]
[Date "1993.??.??"]
[Round "2"]
[White "Koerholz, Ludger"]
[Black "Medvegy, Zoltan"]
[Result "1-0"]
[WhiteElo "2295"]
[BlackElo "2285"]
[EventDate "1993.10.??"]
[PlyCount "73"]

1.c4 c5 2.Nf3 g6 3.d4 cxd4 4.Nxd4 Nf6 5.Nc3 Nc6 6.e4 d6 7.Nc2 Bg7 8.Be2 
Be6 9.O-O Rc8 10.Be3 O-O 11.Qd2 b6 12.f3 Nd7 13.Rac1 a6 14.b3 Nc5 15.b4 
Nd7 16.Nd5 f5 17.Nf4 Bf7 18.exf5 gxf5 19.Rfe1 a5 20.a3 Nce5 21.Nd4 Qe8 22.
Nxf5 Nxc4 23.Bxc4 Bxc4 24.Nxg7 Kxg7 25.bxa5 e5 26.axb6 exf4 27.Bxf4 Qf7 
28.Bxd6 Rfe8 29.b7 Rc6 30.Rxe8 Qxe8 31.b8=Q Nxb8 32.Qb2+ Kg6 33.Bxb8 Qe3+ 
34.Kh1 Rb6 35.Bf4 Qe6 36.Qc2+ Kf7 37.Qxc4 1-0

[Event "Budapest Statisztika 10"]
[Site "Budapest"]
[Date "1993.??.??"]
[Round "2"]
[White "Niklasch, Oliver"]
[Black "Szabolcsi, Janos"]
[Result "0-1"]
[WhiteElo "2245"]
[BlackElo "2385"]
[EventDate "1993.10.??"]
[PlyCount "90"]

1.c4 f5 2.Nf3 Nf6 3.g3 g6 4.Bg2 Bg7 5.O-O O-O 6.Nc3 c6 7.d4 Ne4 8.Qc2 d5 
9.Bf4 e6 10.Rab1 Nd7 11.Rfd1 a6 12.c5 e5 13.Nxe5 Nxe5 14.dxe5 Qe7 15.Na4 
Bxe5 16.Bxe5 Qxe5 17.e3 Be6 18.b4 Bf7 19.Qb2 Qe7 20.Qd4 g5 21.f3 Nf6 22.
Nc3 Rae8 23.Re1 Bg6 24.Rbd1 Rf7 25.a4 Nd7 26.f4 a5 27.Rc1 axb4 28.Qxb4 b6 
29.Bxd5 cxd5 30.Nxd5 Qf8 31.Nxb6 Nf6 32.Qb3 Kh8 33.c6 Qd6 34.Red1 Qc7 35.
fxg5 Rb8 36.a5 Ne4 37.Qb2+ Kg8 38.Rd7 Rxd7 39.cxd7 Qxd7 40.Qa2+ Qf7 41.
Qxf7+ Bxf7 42.Rc6 Be8 43.Rc7 Nxg5 44.Nd5 Rb1+ 45.Kf2 Rb2+ 0-1

[Event "Budapest Statisztika 10"]
[Site "Budapest"]
[Date "1993.??.??"]
[Round "2"]
[White "Palkovi, Jozsef"]
[Black "Wohlfahrt, Herbert J"]
[Result "0-1"]
[WhiteElo "2405"]
[BlackElo "2230"]
[EventDate "1993.10.??"]
[PlyCount "57"]

1.e4 c5 2.c3 e6 3.d4 d5 4.exd5 Qxd5 5.Be3 cxd4 6.cxd4 Nf6 7.Nc3 Qd8 8.Nf3 
Be7 9.Bd3 O-O 10.O-O b6 11.Re1 Bb7 12.Ne5 Nbd7 13.Bg5 a6 14.Re3 g6 15.Rh3 
b5 16.Qd2 b4 17.Nxd7 bxc3 18.Qf4 cxb2 19.Rf1 Qxd7 20.Bxf6 Bxf6 21.Qxf6 
Rfd8 22.Rh4 Rac8 23.Qf4 Qc6 24.Rg4 a5 25.Qd2 f5 26.Rg3 Rxd4 27.Qe2 Qd5 28.
Bb1 Rc1 29.Rd3 0-1

[Event "Budapest Statisztika 10"]
[Site "Budapest"]
[Date "1993.??.??"]
[Round "3"]
[White "Lorincz, Istvan"]
[Black "Hansen, Lars Henrik Bech"]
[Result "1/2-1/2"]
[WhiteElo "2355"]
[BlackElo "2210"]
[EventDate "1993.10.??"]
[PlyCount "86"]

1.d4 e6 2.c4 f5 3.g3 Nf6 4.Bg2 d5 5.Nf3 c6 6.O-O Bd6 7.b3 Qe7 8.Bb2 O-O 9.
Ne5 Bd7 10.Nd2 Be8 11.f3 Bh5 12.Qc2 Nbd7 13.Rae1 Rad8 14.Kh1 g5 15.e4 fxe4
16.fxe4 Bxe5 17.dxe5 Nxe4 18.cxd5 cxd5 19.Nxe4 dxe4 20.Bxe4 Rxf1+ 21.Rxf1 
Rf8 22.Rxf8+ Nxf8 23.Qc1 h6 24.Ba3 Qf7 25.Bg2 Bf3 26.Bxf8 Bxg2+ 27.Kxg2 
Qxf8 28.Qc7 b6 29.Qxa7 Qd8 30.Qb7 g4 31.Qe4 Qd2+ 32.Kg1 Qd1+ 33.Kf2 Qd2+ 
34.Qe2 Qd4+ 35.Kf1 h5 36.Qc2 Qa1+ 37.Kg2 Qxe5 38.Qc8+ Kg7 39.Qb7+ Kg6 40.
Qxb6 Qe4+ 41.Kf2 Qf3+ 42.Kg1 Qd1+ 43.Kg2 Qf3+ 1/2-1/2

[Event "Budapest Statisztika 10"]
[Site "Budapest"]
[Date "1993.??.??"]
[Round "3"]
[White "Medvegy, Zoltan"]
[Black "Anka, Emil"]
[Result "1/2-1/2"]
[WhiteElo "2285"]
[BlackElo "2395"]
[EventDate "1993.10.??"]
[PlyCount "47"]

1.e4 c5 2.Nf3 d6 3.d4 cxd4 4.Nxd4 Nf6 5.Nc3 g6 6.Be3 Bg7 7.f3 O-O 8.Bc4 
Nc6 9.Qd2 Bd7 10.O-O-O Rc8 11.Bb3 Ne5 12.h4 Nc4 13.Bxc4 Rxc4 14.h5 Nxh5 
15.g4 Nf6 16.b3 Rc5 17.Ne6 fxe6 18.Bxc5 dxc5 19.e5 Nd5 20.Nxd5 exd5 21.
Qxd5+ e6 22.Qxd7 Qg5+ 23.Kb1 Qxe5 24.c3 1/2-1/2

[Event "Budapest Statisztika 10"]
[Site "Budapest"]
[Date "1993.??.??"]
[Round "3"]
[White "Schneider, Attila"]
[Black "Niklasch, Oliver"]
[Result "1/2-1/2"]
[WhiteElo "2355"]
[BlackElo "2245"]
[EventDate "1993.10.??"]
[PlyCount "35"]

1.d4 d5 2.c4 e6 3.Nc3 Nf6 4.Bg5 Be7 5.Nf3 h6 6.Bxf6 Bxf6 7.e3 O-O 8.Qb3 
dxc4 9.Bxc4 a6 10.Qc2 c5 11.O-O-O cxd4 12.Nxd4 Qc7 13.Be2 Bd7 14.Ne4 Rc8 
15.Nxf6+ gxf6 16.Qxc7 Rxc7+ 17.Kb1 Nc6 18.Nxc6 1/2-1/2

[Event "Budapest Statisztika 10"]
[Site "Budapest"]
[Date "1993.??.??"]
[Round "4"]
[White "Anka, Emil"]
[Black "Niklasch, Oliver"]
[Result "1/2-1/2"]
[WhiteElo "2395"]
[BlackElo "2245"]
[EventDate "1993.10.??"]
[PlyCount "73"]

1.e4 e5 2.Nf3 Nc6 3.Bb5 Nf6 4.O-O Nxe4 5.d4 Nd6 6.Bxc6 dxc6 7.dxe5 Nf5 8.
Qxd8+ Kxd8 9.Rd1+ Ke8 10.Nc3 Be6 11.Ng5 Be7 12.Nxe6 fxe6 13.Ne4 h6 14.Bf4 
Rd8 15.Rxd8+ Kxd8 16.Rd1+ Kc8 17.f3 Rf8 18.g3 Nh4 19.Kf2 Ng6 20.Ke3 Rf5 
21.b3 b6 22.Rg1 Bg5 23.Bxg5 hxg5 24.h4 gxh4 25.gxh4 Nxh4 26.f4 Rh5 27.Ng3 
Rh8 28.Ke4 Kd7 29.Ne2 Nf5 30.Nd4 Rh5 31.Rg6 Nxd4 32.Rxg7+ Kd8 33.Kxd4 Rh2 
34.Rg6 Kd7 35.Rg7+ Kd8 36.Rg6 Kd7 37.Rg7+ 1/2-1/2

[Event "Budapest Statisztika 10"]
[Site "Budapest"]
[Date "1993.??.??"]
[Round "4"]
[White "Koerholz, Ludger"]
[Black "Lorincz, Istvan"]
[Result "0-1"]
[WhiteElo "2295"]
[BlackElo "2355"]
[EventDate "1993.10.??"]
[PlyCount "106"]

1.c4 Nf6 2.Nc3 e6 3.Nf3 Bb4 4.g3 b6 5.Bg2 Bb7 6.Qc2 O-O 7.O-O d6 8.a3 Bxc3
9.Qxc3 Nbd7 10.b4 c5 11.Bb2 Rc8 12.d3 d5 13.cxd5 cxb4 14.Qd4 bxa3 15.Rxa3 
a5 16.dxe6 fxe6 17.Ng5 e5 18.Qd6 Bxg2 19.Kxg2 Re8 20.Rc3 Rxc3 21.Bxc3 Qb8 
22.Qa3 h6 23.Qa2+ Kh8 24.Nf3 Qd6 25.Rb1 Nd5 26.Ba1 Nb4 27.Qc4 Qe6 28.Qb5 
Kh7 29.e4 Nc5 30.Rxb4 axb4 31.Nxe5 b3 32.h4 Ra8 33.Bd4 Ra5 34.Qb4 Nxd3 35.
Nxd3 Qxe4+ 36.Kh2 Qxd3 37.Qxb6 Rb5 38.Qa7 Qg6 39.Bb2 Rf5 40.Kg2 Rf7 41.Qd4
Qc6+ 42.Kg1 Qf3 43.Bc3 Rc7 44.Bb2 Re7 45.Kh2 Rf7 46.Kg1 Rc7 47.Kh2 Rf7 48.
Kg1 Qf6 49.Qd3+ Qf5 50.Qd4 Rd7 51.Qc3 Rd1+ 52.Kg2 Qe4+ 53.f3 Qc2+ 0-1